000 00775nam a22002417a 4500
003 UA-OsUOA
001 41644
007 ta
008 20061009b un ||||| |||| 00| 0 ukr d
090 _a94(477)
_b94 (477)
942 _cBK
040 _aUA-OsUOA
_bukr
_cUA-OsUOA
_dUA-OsUOA
245 _aНадніпрянська Україна: історичні процеси, події, постаті
_bЗбірник наукових праць
300 _a205 с.
955 _a2
041 _aukr
080 _a94(477)
020 _a966-551-088-6
260 _aДніпропетровськ
_bДніпропетровський у-т
_c2001
250 _nВипуск 1
650 7 _a9 Географія. Біографії. Історія
_2UDC
999 _c327784
_d327784